Die Presse: V. Mečiar o štyroch rokoch svojej vlády

Bibliographic Details
Format: Article
Language:Slovak
Subjects:

MARC

LEADER 00000nab a2200000 a 4500
001 vtls000666484
003 SK-MaSNL
005 20260303202929.0
008 180206c1998 xo 0 slo
015 |a SNBRB1998/09-25606 
035 |a CLN000018668 
040 |a SNKBUCL  |b slo  |c SNKBUCL  |e AACR2 
041 0 |a slo 
044 |a xo  |c SK 
080 |a 32-051  |2 UDC-MRF-SK2 
080 |a 342.518(437.6):328.1(437.6)  |2 UDC-MRF-SK2 
245 0 4 |a Die Presse: V. Mečiar o štyroch rokoch svojej vlády 
600 1 7 |a Mečiar, Vladimír,  |d 1942-  |2 snkbucl  |9 10144 
610 1 7 |a Slovensko.  |b Premiér (1994-1998 : Mečiar)  |2 snkbucl  |9 165719 
655 7 |a články z novín a časopisov  |2 snkbucl  |9 267496 
773 0 |t Slovenská republika  |g Roč. 6, č. 214 (17.9.1998), s. 6 
850 |a Slovenská národná knižnica v Martine 
852 |a SNK  |b KIS3GCP 
958 |a RBX 
999 |c 2182746  |d 2184676